Mikropočítače a BASIC

Salvato in:
Dettagli Bibliografici
Autore principale: Švaňa, Peter
Altri autori: Šipöcz, Tibor, Handlovič, Róbert
Natura: Libro
Lingua:slovacco
Pubblicazione: Bratislava Slov. ped. nakl. 1989
Edizione:1. vyd.
Tags: Aggiungi Tag
Nessun Tag, puoi essere il primo ad aggiungerne!!

MARC

LEADER 00000nam a2200000 4500
001 c028808
005 20221128073408.2
041 0 |a slo 
044 |a SK 
245 1 0 |a Mikropočítače a BASIC  |c Peter Švaňa, Tibor Šipöcz, Róbert Handlovič 
250 |a 1. vyd. 
264 1 |a Bratislava  |b Slov. ped. nakl.  |c 1989 
300 |a 316 s. 
100 1 |a Švaňa, Peter 
700 1 |a Šipöcz, Tibor 
700 1 |a Handlovič, Róbert